000 00654cam a2200133 4500500
005 20251228063026.0
041 _afre
042 _adc
245 0 0 _aFRANCE QUALITE PUBLIQUE, La satisfaction des usagers/clients/citoyens du service public. Paris (France) : La Documentation Française (www.ladocfrancaise.gouv.fr), 2004. 102 p. ISBN: 2-11-005593-6. € 25,00
260 _c2005.
500 _a6
786 0 _nRevue Internationale des Sciences Administratives | 71 | 3 | 2005-09-01 | p. 567j-571j | 0303-965X
856 4 1 _uhttps://droit.cairn.info/revue-internationale-des-sciences-administratives-2005-3-page-567j?lang=fr&redirect-ssocas=7080
999 _c1588753
_d1588753